=LDR 00000nam 2200000 4500 =001 INLIS000000000027518 =005 20130612125904 =008 ***********************************Ind** =035 ##$$0010-061300000027518 =041 ##$$a Ind =090 ##$$a 633.88, Sug t =100 ##$$a Sugeng,HR =245 ##$$a Tanaman dipotik hidup, Sugeng HR;Editor,Yuni winarti =260 ##$$a 2001 $b Semarang =300 ##$$a vii,106 hlm, ilus, 21 cm =650 ##$$a Tanaman obat =700 ##$$a Winarti,Yuni =850 ##$$a NBPNMAT